<?xml version="1.0" encoding="UTF-8"?>
<record
    xmlns:xsi="http://www.w3.org/2001/XMLSchema-instance"
    xsi:schemaLocation="http://www.loc.gov/MARC21/slim http://www.loc.gov/standards/marcxml/schema/MARC21slim.xsd"
    xmlns="http://www.loc.gov/MARC21/slim">

  <leader>00541nam a22001817a 4500</leader>
  <controlfield tag="005">20260225130551.0</controlfield>
  <controlfield tag="008">260225b        |||||||| |||| 00| 0 eng d</controlfield>
  <datafield tag="020" ind1=" " ind2=" ">
    <subfield code="a">978-1-64105-853-7</subfield>
  </datafield>
  <datafield tag="050" ind1=" " ind2=" ">
    <subfield code="a">KF 905 .C6 T65 2021</subfield>
    <subfield code="b">1</subfield>
  </datafield>
  <datafield tag="100" ind1=" " ind2=" ">
    <subfield code="a">TOLLEN DAVID.W</subfield>
  </datafield>
  <datafield tag="245" ind1=" " ind2=" ">
    <subfield code="a">THE TECH CONTRACTS HAND BOOK</subfield>
  </datafield>
  <datafield tag="250" ind1=" " ind2=" ">
    <subfield code="a">3RD EDITION</subfield>
  </datafield>
  <datafield tag="260" ind1=" " ind2=" ">
    <subfield code="a"> CHICAGO</subfield>
    <subfield code="b">AMERICAN BAR ASSOCIATION INTELLECTUAL PROPERTY LAW SECTION</subfield>
    <subfield code="c">2021</subfield>
  </datafield>
  <datafield tag="300" ind1=" " ind2=" ">
    <subfield code="a">INCLUDES APPENNDIX GLOSSARY INDEX</subfield>
  </datafield>
  <datafield tag="500" ind1=" " ind2=" ">
    <subfield code="a">XXV,373P</subfield>
  </datafield>
  <datafield tag="650" ind1=" " ind2=" ">
    <subfield code="a">COMPUTER CONTRACTS</subfield>
  </datafield>
  <datafield tag="942" ind1=" " ind2=" ">
    <subfield code="2">lcc</subfield>
    <subfield code="c">BK</subfield>
  </datafield>
  <datafield tag="999" ind1=" " ind2=" ">
    <subfield code="c">216654</subfield>
    <subfield code="d">216654</subfield>
  </datafield>
  <datafield tag="952" ind1=" " ind2=" ">
    <subfield code="0">0</subfield>
    <subfield code="1">0</subfield>
    <subfield code="2">lcc</subfield>
    <subfield code="4">0</subfield>
    <subfield code="6">KF0905 C6 T65  02021</subfield>
    <subfield code="7">0</subfield>
    <subfield code="8">LAW</subfield>
    <subfield code="9">375473</subfield>
    <subfield code="a">KSUL</subfield>
    <subfield code="b">KSUL</subfield>
    <subfield code="c">DISPLAY</subfield>
    <subfield code="d">2026-02-25</subfield>
    <subfield code="i">112086</subfield>
    <subfield code="l">0</subfield>
    <subfield code="o">KF 905 .C6 T65 2021</subfield>
    <subfield code="p">A000093</subfield>
    <subfield code="r">2026-02-25 14:19:00</subfield>
    <subfield code="t">1</subfield>
    <subfield code="w">2026-02-25</subfield>
    <subfield code="y">BK</subfield>
  </datafield>
  <datafield tag="952" ind1=" " ind2=" ">
    <subfield code="0">0</subfield>
    <subfield code="1">0</subfield>
    <subfield code="2">lcc</subfield>
    <subfield code="4">0</subfield>
    <subfield code="6">KF0905 C6 T65  02021</subfield>
    <subfield code="7">0</subfield>
    <subfield code="8">LAW</subfield>
    <subfield code="9">375476</subfield>
    <subfield code="a">KSUL</subfield>
    <subfield code="b">KSUL</subfield>
    <subfield code="c">DISPLAY</subfield>
    <subfield code="d">2026-02-25</subfield>
    <subfield code="i">112087</subfield>
    <subfield code="l">0</subfield>
    <subfield code="o">KF 905 .C6 T65 2021</subfield>
    <subfield code="p">A000096</subfield>
    <subfield code="r">2026-02-25 14:19:00</subfield>
    <subfield code="t">2</subfield>
    <subfield code="w">2026-02-25</subfield>
    <subfield code="y">BK</subfield>
  </datafield>
  <datafield tag="952" ind1=" " ind2=" ">
    <subfield code="0">0</subfield>
    <subfield code="1">0</subfield>
    <subfield code="2">lcc</subfield>
    <subfield code="4">0</subfield>
    <subfield code="6">KF0905 C6 T65  02021</subfield>
    <subfield code="7">0</subfield>
    <subfield code="8">LAW</subfield>
    <subfield code="9">375478</subfield>
    <subfield code="a">KSUL</subfield>
    <subfield code="b">KSUL</subfield>
    <subfield code="c">DISPLAY</subfield>
    <subfield code="d">2026-02-25</subfield>
    <subfield code="i">112088</subfield>
    <subfield code="l">0</subfield>
    <subfield code="o">KF 905 .C6 T65 2021</subfield>
    <subfield code="p">A000094</subfield>
    <subfield code="r">2026-02-25 14:19:00</subfield>
    <subfield code="t">3</subfield>
    <subfield code="w">2026-02-25</subfield>
    <subfield code="y">BK</subfield>
  </datafield>
  <datafield tag="952" ind1=" " ind2=" ">
    <subfield code="0">0</subfield>
    <subfield code="1">0</subfield>
    <subfield code="2">lcc</subfield>
    <subfield code="4">0</subfield>
    <subfield code="6">KF0905 C6 T65  02021</subfield>
    <subfield code="7">0</subfield>
    <subfield code="8">LAW</subfield>
    <subfield code="9">375480</subfield>
    <subfield code="a">KSUL</subfield>
    <subfield code="b">KSUL</subfield>
    <subfield code="c">DISPLAY</subfield>
    <subfield code="d">2026-02-25</subfield>
    <subfield code="i">112089</subfield>
    <subfield code="l">0</subfield>
    <subfield code="o">KF 905 .C6 T65 2021</subfield>
    <subfield code="p">A000097</subfield>
    <subfield code="r">2026-02-25 14:32:00</subfield>
    <subfield code="t">4</subfield>
    <subfield code="w">2026-02-25</subfield>
    <subfield code="y">BK</subfield>
  </datafield>
  <datafield tag="952" ind1=" " ind2=" ">
    <subfield code="0">0</subfield>
    <subfield code="1">0</subfield>
    <subfield code="2">lcc</subfield>
    <subfield code="4">0</subfield>
    <subfield code="6">HQ0031 G74  02003</subfield>
    <subfield code="7">0</subfield>
    <subfield code="8">SCT</subfield>
    <subfield code="9">376692</subfield>
    <subfield code="a">KSUL</subfield>
    <subfield code="b">KSUL</subfield>
    <subfield code="c">DISPLAY</subfield>
    <subfield code="d">2026-04-07</subfield>
    <subfield code="i">112090</subfield>
    <subfield code="l">0</subfield>
    <subfield code="o">HQ  31.G74 2003</subfield>
    <subfield code="p">A000095</subfield>
    <subfield code="r">2026-04-07 11:37:05</subfield>
    <subfield code="t">C.5</subfield>
    <subfield code="w">2026-04-07</subfield>
    <subfield code="y">BK</subfield>
  </datafield>
</record>
